Statistics for Countries in Romaji - #1

Click here to take the quiz!

General Stats

  • This quiz has been taken 5 times
  • The average score is 17 of 21

Answer Stats

HintAnswer% Correct
arubaniaAlbania
100%
kamerunCameroon
100%
eritoriaEritrea
100%
echiopiaEthiopia
100%
noruweNorway
100%
firipinPhilippines
100%
suwedenSweden
100%
shiriaSyria
100%
amerikaUnited States
100%
benezueraVenezuela
100%
jinbabueZimbabwe
100%
berarushiBelarus
75%
jojiaGeorgia
75%
doitsuGermany
75%
chunijiaTunisia
75%
barenBahrain
50%
morudobaMoldova
50%
supeinSpain
50%
torukoTurkey
50%
betonamuVietnam
50%
seisheruSeychelles
25%

Score Distribution

Percentile by Number Answered

Percent of People with Each Score

Your Score History

You have not taken this quiz